000 00325nam a2200121Ia 4500
008 150202s9999 xx 000 0 und d
050 _aFIC
_bFIC
100 _aRobins, Denise.
245 _aBitter sweet /
_cDenise Robins.
260 _aNew York :
_bArrow Books,
_c1955.
300 _a255 pages :
_c18 cm.
650 _aFiction.
999 _c282356
_d282356